[Event "World Chess Olympiad 2018"]
[Site "Batumi"]
[Date "2018.10.03"]
[Round "9"]
[Board "3"]
[WhiteFideId "6200184"]
[White "Saeheng Boonsueb"]
[BlackFideId "13800027"]
[Black "Mamatov Melis"]
[Result "0-1"]
[LiveChessVersion "1.4.8"]
[BlackElo "2196"]
[WhiteElo "2163"]

1. d4 {[%clk 1:30:55]} d5 {[%clk 1:30:31]} 2. c4 {[%clk 1:31:09]} c6
{[%clk 1:30:58]} 3. Nf3 {[%clk 1:31:20]} Nf6 {[%clk 1:31:25]} 4. e3
{[%clk 1:30:57]} e6 {[%clk 1:30:58]} 5. Nc3 {[%clk 1:31:08]} Nbd7
{[%clk 1:30:52]} 6. Qc2 {[%clk 1:27:24]} Bd6 {[%clk 1:30:18]} 7. b3
{[%clk 1:25:16]} O-O {[%clk 1:26:04]} 8. Be2 {[%clk 1:18:06]} Qe7
{[%clk 1:23:00]} 9. O-O {[%clk 1:05:32]} b6 {[%clk 0:52:04]} 10. e4
{[%clk 0:49:28]} Nxe4 {[%clk 0:47:35]} 11. Nxe4 {[%clk 0:49:34]} dxe4
{[%clk 0:48:04]} 12. Qxe4 {[%clk 0:49:50]} Bb7 {[%clk 0:41:16]} 13. Bb2
{[%clk 0:41:42]} f5 {[%clk 0:35:55]} 14. Qe3 {[%clk 0:34:53]} c5 {[%clk 0:33:34]}
15. Rad1 {[%clk 0:31:53]} Rae8 {[%clk 0:26:34]} 16. Qd2 {[%clk 0:29:09]} Nf6
{[%clk 0:24:10]} 17. dxc5 {[%clk 0:20:56]} Bxc5 {[%clk 0:24:38]} 18. Ne5
{[%clk 0:21:01]} Rd8 {[%clk 0:21:20]} 19. Qg5 {[%clk 0:21:12]} Rxd1
{[%clk 0:21:00]} 20. Bxd1 {[%clk 0:21:29]} Rd8 {[%clk 0:19:17]} 21. Bf3
{[%clk 0:16:04]} h6 {[%clk 0:16:22]} 22. Qc1 {[%clk 0:11:47]} Ne4
{[%clk 0:15:38]} 23. Bxe4 {[%clk 0:06:07]} Bxe4 {[%clk 0:16:06]} 24. Kh1
{[%clk 0:06:10]} Qg5 {[%clk 0:02:25]} 25. Qxg5 {[%clk 0:03:22]} hxg5
{[%clk 0:02:54]} 26. Bc1 {[%clk 0:03:43]} Be7 {[%clk 0:03:06]} 27. f3
{[%clk 0:03:54]} Bb7 {[%clk 0:03:00]} 28. f4 {[%clk 0:02:35]} gxf4
{[%clk 0:01:29]} 29. Ng6 {[%clk 0:02:47]} Bf6 {[%clk 0:01:22]} 30. Nxf4
{[%clk 0:02:06]} e5 {[%clk 0:01:29]} 31. Ne2 {[%clk 0:01:27]} f4 {[%clk 0:01:25]}
32. Kg1 {[%clk 0:01:08]} Rd3 {[%clk 0:01:33]} 33. Kf2 {[%clk 0:00:53]} g5
{[%clk 0:01:56]} 34. g3 {[%clk 0:01:01]} f3 {[%clk 0:01:06]} 35. Ng1
{[%clk 0:01:14]} e4 {[%clk 0:01:17]} 36. Be3 {[%clk 0:01:30]} g4 {[%clk 0:01:13]}
37. h3 {[%clk 0:01:49]} Bc8 {[%clk 0:01:10]} 38. hxg4 {[%clk 0:02:04]} Bxg4
{[%clk 0:01:39]} 39. Rc1 {[%clk 0:02:00]} Rxe3 {[%clk 0:01:36]} 40. Kxe3
{[%clk 0:32:10]} Bg5+ {[%clk 0:32:06]} 41. Kxe4 {[%clk 0:32:28]} Bxc1
{[%clk 0:32:25]} 42. Nxf3 {[%clk 0:32:50]} Bxf3+ {[%clk 0:32:27]} 43. Kxf3
{[%clk 0:33:13]} Kf7 {[%clk 0:32:48]} 44. Ke4 {[%clk 0:33:36]} Ke6
{[%clk 0:33:06]} 45. Kd3 {[%clk 0:32:29]} a5 {[%clk 0:32:17]} 46. Ke4
{[%clk 0:29:22]} Ba3 {[%clk 0:31:33]} 47. g4 {[%clk 0:29:29]} Be7
{[%clk 0:32:01]} 48. Kf4 {[%clk 0:28:34]} Ba3 {[%clk 0:25:18]} 49. Ke4
{[%clk 0:27:33]} Bc1 {[%clk 0:25:33]} 50. Kd4 {[%clk 0:27:23]} Kd6
{[%clk 0:25:58]} 51. Ke4 {[%clk 0:24:50]} Kc5 {[%clk 0:18:23]} 52. Ke5
{[%clk 0:25:12]} Be3 {[%clk 0:18:35]} 0-1

[Event "World Chess Olympiad 2018"]
[Site "Batumi"]
[Date "2018.10.03"]
[Round "9"]
[Board "4"]
[WhiteFideId "13801856"]
[White "Sezdbekov Ruslan"]
[BlackFideId "6204422"]
[Black "Prasitsoonthorn Teerachoti"]
[Result "1-0"]
[LiveChessVersion "1.4.8"]
[BlackElo "1830"]
[WhiteElo "2160"]

1. e4 {[%clk 1:30:24]} c5 {[%clk 1:30:54]} 2. Nf3 {[%clk 1:30:48]} Nc6
{[%clk 1:31:20]} 3. c3 {[%clk 1:31:11]} d5 {[%clk 1:31:46]} 4. e5
{[%clk 1:31:34]} Bg4 {[%clk 1:28:05]} 5. Bb5 {[%clk 1:31:30]} Bd7
{[%clk 1:13:19]} 6. Ba4 {[%clk 1:29:49]} e6 {[%clk 1:10:48]} 7. d4
{[%clk 1:28:44]} Qa5 {[%clk 1:09:20]} 8. Bxc6 {[%clk 1:17:19]} bxc6
{[%clk 1:09:23]} 9. O-O {[%clk 1:15:18]} cxd4 {[%clk 1:04:25]} 10. cxd4
{[%clk 1:15:40]} Qb6 {[%clk 1:04:08]} 11. Nc3 {[%clk 1:15:41]} Ne7
{[%clk 0:38:42]} 12. Na4 {[%clk 1:13:57]} Qc7 {[%clk 0:38:23]} 13. Bd2
{[%clk 1:11:36]} Ng6 {[%clk 0:38:20]} 14. Rc1 {[%clk 1:08:57]} a5
{[%clk 0:35:28]} 15. h4 {[%clk 1:03:49]} Be7 {[%clk 0:34:01]} 16. h5
{[%clk 1:03:09]} Nf8 {[%clk 0:34:23]} 17. Nc5 {[%clk 1:03:32]} Bc8
{[%clk 0:34:02]} 18. Bg5 {[%clk 0:59:01]} Bxg5 {[%clk 0:25:53]} 19. Nxg5
{[%clk 0:59:12]} h6 {[%clk 0:26:03]} 20. Nh3 {[%clk 0:46:45]} Ba6
{[%clk 0:26:10]} 21. Re1 {[%clk 0:42:54]} Nd7 {[%clk 0:26:33]} 22. Qg4
{[%clk 0:41:28]} O-O {[%clk 0:24:12]} 23. Nf4 {[%clk 0:29:05]} Nxc5
{[%clk 0:20:44]} 24. Rxc5 {[%clk 0:29:24]} Kh8 {[%clk 0:15:17]} 25. Rec1
{[%clk 0:29:08]} Qb6 {[%clk 0:14:22]} 26. Rxc6 {[%clk 0:25:10]} Qxb2
{[%clk 0:14:14]} 27. R1c5 {[%clk 0:23:25]} Bc4 {[%clk 0:02:36]} 28. Rc7
{[%clk 0:22:53]} Qb1+ {[%clk 0:01:15]} 29. Kh2 {[%clk 0:23:17]} Qf5
{[%clk 0:00:45]} 30. Qxf5 {[%clk 0:23:02]} exf5 {[%clk 0:01:14]} 31. a3
{[%clk 0:23:20]} Kg8 {[%clk 0:00:35]} 32. Nxd5 {[%clk 0:21:35]} Bxd5
{[%clk 0:01:04]} 33. Rxd5 {[%clk 0:22:01]} Rfd8 {[%clk 0:01:15]} 34. Rcc5
{[%clk 0:21:54]} Kf8 {[%clk 0:00:39]} 35. Kg3 {[%clk 0:21:43]} Ke7
{[%clk 0:00:39]} 36. Rxd8 {[%clk 0:21:49]} Rxd8 {[%clk 0:01:00]} 37. d5
{[%clk 0:22:15]} f6 {[%clk 0:00:41]} 38. Kf4 {[%clk 0:20:52]} fxe5+
{[%clk 0:00:49]} 39. Kxe5 {[%clk 0:21:18]} Rd7 {[%clk 0:00:34]} 40. d6+
{[%clk 0:50:19]} Rxd6 {[%clk 0:30:49]} 41. Rc7+ {[%clk 0:50:43]} Rd7
{[%clk 0:31:16]} 42. Rxd7+ {[%clk 0:51:09]} Kxd7 {[%clk 0:31:41]} 43. Kxf5
{[%clk 0:51:36]} 1-0

[Event "World Chess Olympiad 2018"]
[Site "Batumi"]
[Date "2018.10.03"]
[Round "9"]
[Board "1"]
[WhiteFideId "12303143"]
[White "Lama Himal"]
[BlackFideId "10000100"]
[Black "Ssegwanyi Arthur"]
[Result "0-1"]
[LiveChessVersion "1.4.8"]
[BlackElo "2347"]
[WhiteElo "2057"]

1. e4 {[%clk 1:28:00]} c5 {[%clk 1:30:55]} 2. Nf3 {[%clk 1:26:44]} d6
{[%clk 1:30:59]} 3. Bb5+ {[%clk 1:26:04]} Nc6 {[%clk 1:30:31]} 4. d4
{[%clk 1:25:30]} cxd4 {[%clk 1:30:38]} 5. Nxd4 {[%clk 1:25:08]} Bd7
{[%clk 1:30:51]} 6. O-O {[%clk 1:25:20]} Nf6 {[%clk 1:30:56]} 7. Nc3
{[%clk 1:24:28]} g6 {[%clk 1:23:05]} 8. Re1 {[%clk 1:21:14]} Bg7 {[%clk 1:23:05]}
9. Bxc6 {[%clk 1:21:30]} bxc6 {[%clk 1:21:57]} 10. h3 {[%clk 1:14:32]} O-O
{[%clk 1:21:05]} 11. Bg5 {[%clk 1:14:37]} h6 {[%clk 1:19:19]} 12. Bh4
{[%clk 1:14:42]} Qb6 {[%clk 1:14:50]} 13. Qd2 {[%clk 1:08:35]} Rfd8
{[%clk 1:11:11]} 14. a3 {[%clk 1:08:10]} a5 {[%clk 1:07:31]} 15. Kh1
{[%clk 1:01:35]} g5 {[%clk 0:59:50]} 16. Bg3 {[%clk 1:01:26]} Nh5
{[%clk 1:00:13]} 17. Nde2 {[%clk 0:56:03]} Nxg3+ {[%clk 0:59:47]} 18. fxg3
{[%clk 0:53:24]} d5 {[%clk 0:57:45]} 19. exd5 {[%clk 0:48:32]} Be6
{[%clk 0:57:49]} 20. Na4 {[%clk 0:47:05]} Qa7 {[%clk 0:57:55]} 21. c4
{[%clk 0:45:28]} cxd5 {[%clk 0:55:44]} 22. c5 {[%clk 0:45:42]} d4
{[%clk 0:55:11]} 23. Nb6 {[%clk 0:42:55]} Rab8 {[%clk 0:55:18]} 24. b4
{[%clk 0:42:54]} d3 {[%clk 0:53:39]} 25. Nc3 {[%clk 0:29:09]} Qc7
{[%clk 0:53:20]} 26. Rac1 {[%clk 0:29:32]} axb4 {[%clk 0:52:26]} 27. axb4
{[%clk 0:28:58]} Qxg3 {[%clk 0:52:18]} 28. Re3 {[%clk 0:29:11]} Qf4
{[%clk 0:52:27]} 29. Nb1 {[%clk 0:27:35]} Be5 {[%clk 0:49:05]} 30. g3
{[%clk 0:27:44]} Qf5 {[%clk 0:45:40]} 31. g4 {[%clk 0:27:14]} Qf4
{[%clk 0:45:54]} 32. Rce1 {[%clk 0:26:45]} Bc7 {[%clk 0:41:55]} 33. Kg1
{[%clk 0:19:53]} Rxb6 {[%clk 0:41:16]} 34. Rf1 {[%clk 0:08:20]} Qd4
{[%clk 0:41:36]} 35. cxb6 {[%clk 0:08:30]} Bxb6 {[%clk 0:41:55]} 36. Rfe1
{[%clk 0:03:52]} Qf4 {[%clk 0:41:05]} 37. Nc3 {[%clk 0:03:25]} Qxb4
{[%clk 0:38:03]} 38. Kf1 {[%clk 0:02:01]} Qf4+ {[%clk 0:37:27]} 39. Kg2
{[%clk 0:02:10]} Bc8 {[%clk 0:37:25]} 40. Nd1 {[%clk 0:30:39]} Bb7+
{[%clk 1:07:38]} 0-1

[Event "World Chess Olympiad 2018"]
[Site "Batumi"]
[Date "2018.10.03"]
[Round "9"]
[Board "2"]
[WhiteFideId "10000127"]
[White "Kawuma Patrick"]
[BlackFideId "12300675"]
[Black "Kayastha Madan Krishna"]
[Result "0-1"]
[LiveChessVersion "1.4.8"]
[BlackElo "2077"]
[WhiteElo "2329"]

1. c4 {[%clk 1:30:57]} e5 {[%clk 1:30:50]} 2. g3 {[%clk 1:30:50]} d6
{[%clk 1:30:16]} 3. Bg2 {[%clk 1:31:03]} f5 {[%clk 1:30:34]} 4. d3
{[%clk 1:28:11]} Nf6 {[%clk 1:30:25]} 5. Nc3 {[%clk 1:28:34]} Be7
{[%clk 1:30:40]} 6. e3 {[%clk 1:28:56]} O-O {[%clk 1:28:56]} 7. Nge2
{[%clk 1:29:25]} c6 {[%clk 1:26:39]} 8. O-O {[%clk 1:12:06]} Kh8 {[%clk 1:26:35]}
9. e4 {[%clk 1:12:18]} fxe4 {[%clk 1:18:27]} 10. dxe4 {[%clk 1:12:27]} Be6
{[%clk 1:18:37]} 11. b3 {[%clk 1:09:29]} Qc8 {[%clk 1:17:58]} 12. Be3
{[%clk 1:01:50]} Qe8 {[%clk 1:12:53]} 13. Qd2 {[%clk 0:54:11]} Qh5
{[%clk 1:07:03]} 14. f3 {[%clk 0:54:28]} Nbd7 {[%clk 1:04:20]} 15. g4
{[%clk 0:49:16]} Qe8 {[%clk 1:01:24]} 16. Ng3 {[%clk 0:47:39]} g6
{[%clk 1:00:04]} 17. Bh6 {[%clk 0:43:02]} Rf7 {[%clk 1:00:11]} 18. h3
{[%clk 0:41:14]} Nc5 {[%clk 1:00:15]} 19. b4 {[%clk 0:39:40]} Na6
{[%clk 1:00:12]} 20. b5 {[%clk 0:37:28]} Nc5 {[%clk 1:00:30]} 21. Qe2
{[%clk 0:37:05]} Ng8 {[%clk 0:56:56]} 22. Be3 {[%clk 0:36:57]} Bh4
{[%clk 0:56:12]} 23. Kh2 {[%clk 0:37:23]} Qf8 {[%clk 0:53:31]} 24. Rg1
{[%clk 0:33:27]} h6 {[%clk 0:51:49]} 25. Nf1 {[%clk 0:32:02]} Bc8
{[%clk 0:45:08]} 26. Rd1 {[%clk 0:31:00]} Ne6 {[%clk 0:44:28]} 27. Qd2
{[%clk 0:31:01]} Be7 {[%clk 0:43:54]} 28. Ne2 {[%clk 0:31:20]} Kh7
{[%clk 0:41:19]} 29. a4 {[%clk 0:22:18]} Nf6 {[%clk 0:39:26]} 30. Bf2
{[%clk 0:11:45]} Nxe4 {[%clk 0:39:05]} 31. Qe3 {[%clk 0:07:16]} Nxf2
{[%clk 0:30:16]} 32. Qxf2 {[%clk 0:07:44]} Nf4 {[%clk 0:25:21]} 33. Nd2
{[%clk 0:02:33]} d5 {[%clk 0:23:05]} 34. Rgf1 {[%clk 0:02:46]} Be6
{[%clk 0:20:03]} 35. Nxf4 {[%clk 0:02:36]} Rxf4 {[%clk 0:20:23]} 36. Qe2
{[%clk 0:03:00]} Re8 {[%clk 0:18:15]} 37. bxc6 {[%clk 0:03:01]} bxc6
{[%clk 0:18:43]} 38. cxd5 {[%clk 0:03:21]} cxd5 {[%clk 0:18:55]} 39. Kh1
{[%clk 0:03:47]} Rxa4 {[%clk 0:18:28]} 40. f4 {[%clk 0:30:32]} Rxf4
{[%clk 0:46:48]} 41. Qxe5 {[%clk 0:28:51]} Bd6 {[%clk 0:47:09]} 42. Qc3
{[%clk 0:20:34]} Bb8 {[%clk 0:42:00]} 43. Qc6 {[%clk 0:14:45]} Qf7
{[%clk 0:39:03]} 44. Rde1 {[%clk 0:13:58]} Rxf1+ {[%clk 0:33:50]} 45. Rxf1
{[%clk 0:07:58]} Qc7 {[%clk 0:34:05]} 46. Qxc7+ {[%clk 0:08:21]} Bxc7
{[%clk 0:34:29]} 47. Nf3 {[%clk 0:07:12]} Bg8 {[%clk 0:33:44]} 48. g5
{[%clk 0:06:34]} hxg5 {[%clk 0:32:59]} 49. Nxg5+ {[%clk 0:06:56]} Kh6
{[%clk 0:33:18]} 50. Nf3 {[%clk 0:04:03]} Bb6 {[%clk 0:33:08]} 51. Rd1
{[%clk 0:04:09]} d4 {[%clk 0:33:19]} 52. Nd2 {[%clk 0:02:35]} Rd8
{[%clk 0:33:05]} 53. Be4 {[%clk 0:02:56]} Ba5 {[%clk 0:32:16]} 54. Kg2
{[%clk 0:03:01]} Bc3 {[%clk 0:31:37]} 55. Nb1 {[%clk 0:02:16]} Re8
{[%clk 0:31:33]} 56. Kf3 {[%clk 0:02:14]} Bb3 {[%clk 0:30:40]} 57. Nxc3
{[%clk 0:01:41]} dxc3 {[%clk 0:30:50]} 58. Rd6 {[%clk 0:01:15]} Re6
{[%clk 0:30:41]} 59. Rd7 {[%clk 0:00:57]} Kg5 {[%clk 0:27:36]} 60. h4+
{[%clk 0:00:31]} Kxh4 {[%clk 0:27:02]} 61. Rxa7 {[%clk 0:00:58]} Bd1+
{[%clk 0:26:14]} 62. Kf4 {[%clk 0:00:49]} g5+ {[%clk 0:26:25]} 63. Ke3
{[%clk 0:01:15]} Bc2 {[%clk 0:25:51]} 0-1

[Event "World Chess Olympiad 2018"]
[Site "Batumi"]
[Date "2018.10.03"]
[Round "9"]
[Board "3"]
[WhiteFideId "12303135"]
[White "Thing Bibek"]
[BlackFideId "10000569"]
[Black "Nsubuga Haruna"]
[Result "1-0"]
[LiveChessVersion "1.4.8"]
[BlackElo "2222"]
[WhiteElo "2237"]

1. e4 {[%clk 1:29:55]} e5 {[%clk 1:30:29]} 2. Nf3 {[%clk 1:30:15]} d6
{[%clk 1:30:44]} 3. d4 {[%clk 1:30:23]} Nd7 {[%clk 1:30:44]} 4. Bc4
{[%clk 1:30:33]} Be7 {[%clk 1:29:40]} 5. O-O {[%clk 1:29:12]} Ngf6
{[%clk 1:30:04]} 6. Nc3 {[%clk 1:27:47]} O-O {[%clk 1:29:06]} 7. h3
{[%clk 1:27:36]} c6 {[%clk 1:28:41]} 8. Re1 {[%clk 1:25:41]} b5 {[%clk 1:28:40]}
9. Bf1 {[%clk 1:20:00]} a6 {[%clk 1:25:11]} 10. Bg5 {[%clk 1:17:56]} Re8
{[%clk 1:19:47]} 11. Nb1 {[%clk 1:11:07]} c5 {[%clk 1:13:57]} 12. dxe5 dxe5
{[%clk 1:11:19]} 13. a4 {[%clk 1:07:46]} Rb8 {[%clk 1:10:22]} 14. axb5
{[%clk 0:59:08]} axb5 {[%clk 1:10:50]} 15. Bxf6 {[%clk 0:57:28]} Bxf6
{[%clk 1:04:31]} 16. Nc3 {[%clk 0:57:30]} c4 {[%clk 1:01:16]} 17. b3
{[%clk 0:49:38]} b4 {[%clk 0:57:59]} 18. Nd5 {[%clk 0:49:27]} cxb3
{[%clk 0:58:18]} 19. cxb3 {[%clk 0:48:44]} Nc5 {[%clk 0:58:42]} 20. Qc2
{[%clk 0:37:24]} Ne6 {[%clk 0:58:50]} 21. Rad1 {[%clk 0:37:28]} Nd4
{[%clk 0:55:07]} 22. Nxd4 {[%clk 0:34:55]} exd4 {[%clk 0:55:29]} 23. Bc4
{[%clk 0:32:27]} Be5 {[%clk 0:54:27]} 24. Qd2 {[%clk 0:29:19]} Qh4
{[%clk 0:49:01]} 25. f4 {[%clk 0:26:21]} Bd6 {[%clk 0:49:01]} 26. Qxd4
{[%clk 0:24:33]} Bxh3 {[%clk 0:32:07]} 27. e5 {[%clk 0:19:46]} Qg3
{[%clk 0:28:24]} 28. Bf1 {[%clk 0:16:29]} Rb5 {[%clk 0:24:27]} 29. Re3
{[%clk 0:15:40]} Qg6 {[%clk 0:24:44]} 30. exd6 {[%clk 0:14:12]} Rbb8
{[%clk 0:14:15]} 31. Rxe8+ {[%clk 0:13:58]} Rxe8 {[%clk 0:14:40]} 32. Ne7+
{[%clk 0:14:18]} Rxe7 {[%clk 0:13:40]} 33. dxe7 1-0

[Event "World Chess Olympiad 2018"]
[Site "Batumi"]
[Date "2018.10.03"]
[Round "9"]
[Board "4"]
[WhiteFideId "10000259"]
[White "Kantinti Shadrack"]
[BlackFideId "12300403"]
[Black "Rajbhandari Rijendra"]
[Result "0-1"]
[LiveChessVersion "1.4.8"]
[BlackElo "1937"]
[WhiteElo "2039"]

1. e4 {[%clk 1:30:43]} c6 {[%clk 1:30:36]} 2. d4 {[%clk 1:30:34]} d5
{[%clk 1:31:00]} 3. Nc3 {[%clk 1:30:11]} dxe4 {[%clk 1:31:09]} 4. Nxe4
{[%clk 1:30:31]} Bf5 {[%clk 1:31:22]} 5. Ng3 {[%clk 1:30:23]} Bg6
{[%clk 1:31:39]} 6. h4 {[%clk 1:30:47]} h6 {[%clk 1:31:54]} 7. Nf3
{[%clk 1:31:11]} Nd7 {[%clk 1:32:13]} 8. h5 {[%clk 1:28:17]} Bh7 {[%clk 1:32:37]}
9. Bd3 {[%clk 1:28:41]} Bxd3 {[%clk 1:33:01]} 10. Qxd3 {[%clk 1:29:08]} e6
{[%clk 1:33:15]} 11. Bf4 {[%clk 1:28:51]} Qa5+ {[%clk 1:33:02]} 12. Bd2
{[%clk 1:26:02]} Bb4 {[%clk 1:33:10]} 13. Ne4 {[%clk 1:22:31]} Ngf6
{[%clk 1:15:56]} 14. Nd6+ {[%clk 1:21:50]} Ke7 {[%clk 1:16:16]} 15. Nc4
{[%clk 1:10:08]} Bxd2+ {[%clk 1:16:11]} 16. Nfxd2 {[%clk 1:10:31]} Qc7
{[%clk 1:13:33]} 17. Qa3+ {[%clk 1:06:26]} c5 {[%clk 1:13:56]} 18. dxc5
{[%clk 0:53:29]} Qxc5 {[%clk 1:12:27]} 19. b4 {[%clk 0:48:29]} Qc7
{[%clk 1:10:23]} 20. Rh4 {[%clk 0:36:48]} Rhc8 {[%clk 1:06:21]} 21. Rd4
{[%clk 0:21:19]} b5 {[%clk 1:01:05]} 22. Nd6 {[%clk 0:18:17]} Rd8
{[%clk 0:54:51]} 23. Qg3 {[%clk 0:11:58]} Qb6 {[%clk 0:45:01]} 24. Qxg7
{[%clk 0:06:56]} Qxd4 {[%clk 0:44:09]} 25. Qxf7+ {[%clk 0:04:08]} Kxd6
{[%clk 0:44:33]} 26. O-O-O {[%clk 0:01:55]} Nd5 {[%clk 0:44:14]} 27. Nb3
{[%clk 0:01:30]} Qf6 {[%clk 0:44:20]} 28. Qh7 {[%clk 0:01:18]} Rac8
{[%clk 0:42:56]} 29. Nd4 {[%clk 0:00:52]} a6 {[%clk 0:42:51]} 30. g3
{[%clk 0:00:46]} Rc4 {[%clk 0:42:33]} 31. f4 {[%clk 0:00:33]} Rxd4
{[%clk 0:42:39]} 0-1

[Event "World Chess Olympiad 2018"]
[Site "Batumi"]
[Date "2018.10.03"]
[Round "9"]
[Board "1"]
[WhiteFideId "806404"]
[White "Efimov Igor"]
[BlackFideId "3000010"]
[Black "Rodriguez Vila Andres"]
[Result "1/2-1/2"]
[LiveChessVersion "1.4.8"]
[BlackElo "2477"]
[WhiteElo "2421"]

1. d4 {[%clk 1:30:53]} d6 {[%clk 1:30:50]} 2. Nf3 {[%clk 1:30:32]} g6
{[%clk 1:31:08]} 3. g3 {[%clk 1:30:25]} f5 {[%clk 1:31:30]} 4. Bg2
{[%clk 1:30:35]} Nf6 {[%clk 1:31:54]} 5. c3 {[%clk 1:30:52]} Bg7 {[%clk 1:29:48]}
6. Qb3 {[%clk 1:31:14]} e6 {[%clk 1:30:14]} 7. Ng5 {[%clk 1:31:34]} d5
{[%clk 1:30:14]} 8. Nh3 {[%clk 1:31:53]} O-O {[%clk 1:28:58]} 9. Nf4
{[%clk 1:28:09]} b6 {[%clk 1:26:49]} 10. Nd2 {[%clk 1:27:45]} Qe7
{[%clk 1:22:29]} 11. Nf3 {[%clk 1:22:52]} Nc6 {[%clk 1:17:43]} 12. h4
{[%clk 1:20:24]} Ne4 {[%clk 1:15:59]} 13. Ng5 {[%clk 1:04:50]} Na5
{[%clk 1:11:28]} 14. Qd1 {[%clk 1:01:01]} Nc4 {[%clk 1:03:28]} 15. Nd3
{[%clk 0:50:25]} c5 {[%clk 1:03:11]} 16. Nf3 {[%clk 0:49:38]} Bb7
{[%clk 0:58:25]} 17. Bf4 {[%clk 0:48:59]} cxd4 {[%clk 0:58:38]} 18. cxd4
{[%clk 0:46:07]} Nxb2 {[%clk 0:58:15]} 19. Nxb2 {[%clk 0:46:05]} Qb4+
{[%clk 0:58:16]} 20. Nd2 {[%clk 0:34:52]} Qxb2 {[%clk 0:58:12]} 21. Nb3
{[%clk 0:34:55]} Rac8 {[%clk 0:54:41]} 22. f3 {[%clk 0:30:33]} Nc3
{[%clk 0:50:55]} 23. Qd2 {[%clk 0:30:29]} Qxd2+ {[%clk 0:50:13]} 24. Kxd2
{[%clk 0:30:56]} Nb5 {[%clk 0:46:50]} 25. e3 {[%clk 0:31:00]} Na3
{[%clk 0:46:52]} 26. Rhc1 {[%clk 0:29:59]} Nc4+ {[%clk 0:47:00]} 27. Ke1
{[%clk 0:30:04]} e5 {[%clk 0:43:30]} 28. dxe5 {[%clk 0:30:19]} Nxe5
{[%clk 0:43:50]} 29. Rxc8 {[%clk 0:30:36]} Rxc8 {[%clk 0:43:57]} 30. Rd1
{[%clk 0:29:31]} Ba6 {[%clk 0:42:47]} 31. Bxe5 {[%clk 0:29:47]} Bxe5
{[%clk 0:36:43]} 32. f4 {[%clk 0:29:59]} Bc3+ {[%clk 0:30:57]} 33. Kf2
{[%clk 0:27:59]} Kf8 {[%clk 0:30:54]} 34. Bxd5 {[%clk 0:27:36]} Rd8
{[%clk 0:31:05]} 35. Rc1 {[%clk 0:26:32]} Bb2 {[%clk 0:24:29]} 36. Rc2
{[%clk 0:26:16]} Rxd5 {[%clk 0:24:36]} 37. Rxb2 {[%clk 0:26:44]} Ke7
{[%clk 0:24:17]} 38. Rc2 {[%clk 0:26:47]} Kd7 {[%clk 0:24:32]} 39. Nd4
{[%clk 0:26:47]} Bb7 {[%clk 0:21:47]} 40. Rc3 {[%clk 0:47:48]} Ra5
{[%clk 0:50:43]} 41. a3 {[%clk 0:48:13]} Rc5 {[%clk 0:50:51]} 42. Rxc5
{[%clk 0:46:44]} bxc5 {[%clk 0:51:17]} 43. Nb5 {[%clk 0:47:01]} Ke6
{[%clk 0:39:40]} 44. Nc3 {[%clk 0:23:31]} Kf6 {[%clk 0:39:56]} 45. Na4
{[%clk 0:21:16]} c4 {[%clk 0:40:08]} 46. Nc3 {[%clk 0:21:40]} Kg7
{[%clk 0:38:53]} 47. Nb5 {[%clk 0:21:30]} a6 {[%clk 0:38:48]} 48. Nc3
{[%clk 0:21:36]} Kh6 {[%clk 0:38:39]} 49. Ke2 {[%clk 0:21:21]} Kh5
{[%clk 0:38:55]} 50. Kf2 {[%clk 0:21:45]} Kg4 {[%clk 0:39:05]} 51. Ne2
{[%clk 0:22:03]} Bc6 {[%clk 0:39:05]} 52. Nc3 {[%clk 0:22:28]} Bb7
{[%clk 0:39:30]} 1/2-1/2

[Event "World Chess Olympiad 2018"]
[Site "Batumi"]
[Date "2018.10.03"]
[Round "9"]
[Board "2"]
[WhiteFideId "3000028"]
[White "Roselli Mailhe Bernardo"]
[BlackFideId "14500205"]
[Black "Sulava Nenad"]
[Result "1-0"]
[LiveChessVersion "1.4.8"]
[BlackElo "2437"]
[WhiteElo "2439"]

1. d4 {[%clk 1:30:57]} d5 {[%clk 1:30:42]} 2. c4 {[%clk 1:31:23]} dxc4
{[%clk 1:31:07]} 3. Nf3 {[%clk 1:31:19]} Nf6 {[%clk 1:31:14]} 4. e3
{[%clk 1:31:44]} e6 {[%clk 1:31:39]} 5. Bxc4 {[%clk 1:31:55]} a6 {[%clk 1:32:02]}
6. O-O {[%clk 1:31:54]} Nbd7 {[%clk 1:32:24]} 7. Qe2 {[%clk 1:30:32]} c5
{[%clk 1:28:53]} 8. Bd3 {[%clk 1:12:41]} Be7 {[%clk 1:19:29]} 9. Nbd2
{[%clk 1:05:13]} cxd4 {[%clk 1:07:58]} 10. exd4 {[%clk 0:56:28]} b6
{[%clk 1:06:45]} 11. Nc4 {[%clk 0:49:30]} O-O {[%clk 1:03:38]} 12. Bg5
{[%clk 0:38:53]} Bb7 {[%clk 1:03:39]} 13. Rad1 {[%clk 0:38:52]} Re8
{[%clk 0:56:06]} 14. Rfe1 {[%clk 0:33:52]} h6 {[%clk 0:40:13]} 15. Bd2
{[%clk 0:28:28]} Bf8 {[%clk 0:40:13]} 16. Bb1 {[%clk 0:25:26]} Rc8
{[%clk 0:37:45]} 17. b3 {[%clk 0:25:50]} b5 {[%clk 0:31:16]} 18. Nce5
{[%clk 0:25:14]} g6 {[%clk 0:24:06]} 19. Nxf7 {[%clk 0:10:23]} Bxf3
{[%clk 0:17:20]} 20. Qd3 {[%clk 0:10:41]} Kxf7 {[%clk 0:16:15]} 21. Qxg6+
{[%clk 0:11:03]} Ke7 {[%clk 0:16:42]} 22. Bb4+ {[%clk 0:09:45]} Nc5
{[%clk 0:16:00]} 23. gxf3 {[%clk 0:09:05]} a5 {[%clk 0:11:38]} 24. Bxc5+
{[%clk 0:07:43]} Kd7 {[%clk 0:12:07]} 25. Qf7+ {[%clk 0:06:58]} 1-0

[Event "World Chess Olympiad 2018"]
[Site "Batumi"]
[Date "2018.10.03"]
[Round "9"]
[Board "3"]
[WhiteFideId "4646215"]
[White "Berezovsky Igor"]
[BlackFideId "3003809"]
[Black "Lopez Azambuja Nicolas"]
[Result "1/2-1/2"]
[LiveChessVersion "1.4.8"]
[BlackElo "2322"]
[WhiteElo "2380"]

1. d4 {[%clk 1:30:54]} Nf6 {[%clk 1:30:53]} 2. Nf3 {[%clk 1:30:40]} e6
{[%clk 1:31:13]} 3. c4 {[%clk 1:30:37]} d5 {[%clk 1:31:34]} 4. Nc3
{[%clk 1:30:06]} Bb4 {[%clk 1:31:51]} 5. cxd5 {[%clk 1:28:38]} exd5
{[%clk 1:32:02]} 6. Bg5 {[%clk 1:28:57]} h6 {[%clk 1:30:00]} 7. Bxf6
{[%clk 1:28:32]} Qxf6 {[%clk 1:30:25]} 8. e3 {[%clk 1:28:32]} c6 {[%clk 1:24:57]}
9. Rc1 {[%clk 1:25:46]} O-O {[%clk 1:23:54]} 10. Be2 {[%clk 1:14:43]} Nd7
{[%clk 1:20:33]} 11. O-O {[%clk 1:13:52]} Re8 {[%clk 1:17:52]} 12. a3
{[%clk 1:02:01]} Bd6 {[%clk 1:16:59]} 13. Bd3 {[%clk 1:01:37]} Qd8
{[%clk 1:07:02]} 14. e4 {[%clk 1:00:18]} Bf4 {[%clk 1:01:51]} 15. Rc2
{[%clk 0:59:45]} dxe4 {[%clk 1:02:03]} 16. Nxe4 {[%clk 0:59:29]} Nf6
{[%clk 1:01:17]} 17. Nc5 {[%clk 0:45:30]} Nd7 {[%clk 0:54:34]} 18. Ne4
{[%clk 0:40:52]} Nf6 {[%clk 0:54:22]} 19. Nc5 {[%clk 0:41:14]} Nd7
{[%clk 0:54:30]} 20. Ne4 {[%clk 0:39:20]} Nf6 {[%clk 0:53:37]} 21. Nc5
{[%clk 0:39:13]} Nd7 1/2-1/2